[Event "Novosibirsk Sukharev Memorial op"]
[Site "Novosibirsk"]
[Date "2011.07.18"]
[Round "1"]
[White "Klimenko, Andrey"]
[Black "Dzhumagaliev, Murat"]
[Result "0-1"]
[WhiteElo "1713"]
[BlackElo "2064"]
[PlyCount "44"]
[EventDate "2011.07.18"]
[EventType "swiss"]
[EventRounds "9"]
[EventCountry "RUS"]
[SourceTitle "EXT 2012"]
[Source "ChessBase"]
[SourceDate "2011.11.24"]
[SourceVersion "1"]
[SourceVersionDate "2011.11.24"]
[SourceQuality "1"]

1. e4 c5 2. Nf3 Nc6 3. d4 cxd4 4. Nxd4 g6 5. Nc3 Bg7 6. Be3 Nf6 7. Be2 0-0 8. 0-0 d5 9. exd5 Nb4 10. Nb3 Nfxd5 11. Nxd5 Nxd5 12. Bd4 e5 13. Bc5 Re8 14. c3 b6 15. Ba3 Bb7 16. g3 Qg5 17. Bf3 Rad8 18. Qc1 Nf4 19. h4 Qf6 20. Bd1 Bh6 21. Qc2 Ba6 22. Re1 Bd3 0-1

[Event "Novosibirsk Region-ch sf"]
[Site "Novosibirsk"]
[Date "2010.10.22"]
[Round "7"]
[White "Dzhumagaliev, Murat"]
[Black "Giljazitdinov, Eduard"]
[Result "0-1"]
[WhiteElo "2076"]
[BlackElo "2125"]
[PlyCount "80"]
[EventDate "2010.??.??"]
[EventType "swiss"]
[EventRounds "9"]
[EventCountry "RUS"]
[SourceTitle "EXT 2014"]
[Source "ChessBase"]
[SourceDate "2013.11.20"]
[SourceVersion "1"]
[SourceVersionDate "2013.11.20"]
[SourceQuality "1"]

1. e4 e5 2. Nf3 Nf6 3. Nc3 Nc6 4. Bc4 Nxe4 5. Bxf7+ Kxf7 6. Nxe4 d5 7. Ng3 e4 8. Ng1 Bc5 9. d3 exd3 10. Qxd3 Ne5 11. Qd2 Re8 12. N1e2 Kg8 13. 0-0 c6 14. Qg5 Bg4 15. Nc3 h6 16. Qxd8 Raxd8 17. Na4 Bd6 18. f4 Nc4 19. h3 Bd7 20. b3 Ne3 21. Rf2 b5 22. Nb2 Bc5 23. Kh1 Nf5 24. Nxf5 Bxf2 25. Nd3 Bxf5 26. Nxf2 Bxc2 27. Ba3 Re2 28. Kg1 Rde8 29. Rc1 Re1+ 30. Rxe1 Rxe1+ 31. Kh2 Ra1 32. Bc5 Rxa2 33. b4 Be4 34. g4 a5 35. bxa5 Rxa5 36. f5 Ra4 37. Kg3 b4 38. Nd1 b3 39. h4 Ra2 40. Kf4 b2 0-1

[Event "Novosibirsk Region-ch sf"]
[Site "Novosibirsk"]
[Date "2010.10.18"]
[Round "3"]
[White "Dzhumagaliev, Murat"]
[Black "Faleev, Vasily"]
[Result "1-0"]
[WhiteElo "2076"]
[BlackElo "1942"]
[PlyCount "35"]
[EventDate "2010.??.??"]
[EventType "swiss"]
[EventRounds "9"]
[EventCountry "RUS"]
[SourceTitle "EXT 2014"]
[Source "ChessBase"]
[SourceDate "2013.11.20"]
[SourceVersion "1"]
[SourceVersionDate "2013.11.20"]
[SourceQuality "1"]

1. e4 e5 2. Nf3 Nc6 3. Bc4 Bc5 4. c3 Nf6 5. d4 exd4 6. cxd4 Bb4+ 7. Bd2 Nxe4 8. Bxb4 Nxb4 9. Bxf7+ Kxf7 10. Qb3+ d5 11. Qxb4 Re8 12. 0-0 Kg8 13. Re1 a5 14. Qb3 Qd6 15. Nc3 c6 16. Nxe4 Rxe4 17. Rxe4 a4 18. Re8+ 1-0

[Event "Novosibirsk-ch"]
[Site "Novosibirsk"]
[Date "2010.03.11"]
[Round "8"]
[White "Dzhumagaliev, Murat"]
[Black "Kamrukov, Alexey"]
[Result "1/2-1/2"]
[WhiteElo "2101"]
[BlackElo "2031"]
[PlyCount "107"]
[EventDate "2010.03.01"]
[EventType "swiss"]
[EventRounds "9"]
[EventCountry "RUS"]
[SourceTitle "CBM 135 Extra"]
[Source "ChessBase"]
[SourceDate "2010.05.04"]
[SourceVersion "1"]
[SourceVersionDate "2010.05.04"]
[SourceQuality "1"]

1. e4 c5 2. Nf3 d6 3. g3 Nc6 4. Bg2 g6 5. 0-0 Bg7 6. c3 Nf6 7. d3 0-0 8. Ne1 e6 9. f4 Ne8 10. Be3 Nc7 11. Nd2 Rb8 12. g4 f5 13. exf5 exf5 14. gxf5 Bxf5 15. Ne4 Qe7 16. Bf2 Bxe4 17. Bxe4 Rxf4 18. Qb3+ Qf7 19. Bxc6 Qxb3 20. axb3 bxc6 21. Rxa7 Nd5 22. Ng2 Rf3 23. d4 cxd4 24. Rxg7+ Kxg7 25. Bxd4+ Rf6 26. b4 Rbf8 27. Rd1 Kg8 28. Bxf6 Rxf6 29. b5 Ne7 30. b6 c5 31. Ne3 d5 32. b7 Rb6 33. Nxd5 Nxd5 34. Rxd5 Rxb7 35. Rd2 Kf7 36. Kf2 Ke6 37. Ke3 Ke5 38. Rg2 Kd5 39. Kd3 c4+ 40. Ke3 Re7+ 41. Kf4 Re4+ 42. Kg5 Kc5 43. Kf6 Kb5 44. Rd2 Rh4 45. Rd5+ Kc6 46. Rd2 Kb5 47. Ke6 Rh3 48. Ke5 Ka4 49. Kd4 Kb3 50. Rg2 Rd3+ 51. Kc5 Rh3 52. Kd4 Rh5 53. Ke4 Rh4+ 54. Kd5 1/2-1/2

[Event "Novosibirsk-ch"]
[Site "Novosibirsk"]
[Date "2010.03.03"]
[Round "3"]
[White "Dzhumagaliev, Murat"]
[Black "Klimov, Valery"]
[Result "1-0"]
[WhiteElo "2101"]
[BlackElo "1949"]
[PlyCount "81"]
[EventDate "2010.03.01"]
[EventType "swiss"]
[EventRounds "9"]
[EventCountry "RUS"]
[SourceTitle "CBM 135 Extra"]
[Source "ChessBase"]
[SourceDate "2010.05.04"]
[SourceVersion "1"]
[SourceVersionDate "2010.05.04"]
[SourceQuality "1"]

1. e4 e5 2. Nc3 Nf6 3. Bc4 Nc6 4. d3 Bc5 5. Bg5 d6 6. Nf3 Be6 7. Nd5 h6 8. Bh4 Bxd5 9. exd5 Ne7 10. d4 exd4 11. Bxf6 gxf6 12. Nxd4 Qd7 13. Nb3 Bb6 14. a4 a6 15. a5 Ba7 16. Qe2 Qf5 17. f3 Qe5 18. 0-0-0 Qxe2 19. Bxe2 Nf5 20. g3 Kf8 21. c4 Re8 22. Bd3 Nd4 23. Nxd4 Bxd4 24. Be4 Bc5 25. Kc2 Re5 26. Kc3 Kg7 27. b4 Ba7 28. g4 h5 29. Rde1 Rhe8 30. h3 Kh6 31. Rh2 Kg5 32. Rg2 h4 33. Rf1 Kf4 34. Kd3 Rg5 35. Re2 Ree5 36. Rc1 f5 37. gxf5 Re8 38. c5 Rg3 39. cxd6 cxd6 40. Rc7 Rb8 41. Rxf7 1-0

[Event "Novosibirsk-ch"]
[Site "Novosibirsk"]
[Date "2010.03.02"]
[Round "2"]
[White "Krasnov, Yury"]
[Black "Dzhumagaliev, Murat"]
[Result "1-0"]
[WhiteElo "2093"]
[BlackElo "2101"]
[PlyCount "161"]
[EventDate "2010.03.01"]
[EventType "swiss"]
[EventRounds "9"]
[EventCountry "RUS"]
[SourceTitle "CBM 135 Extra"]
[Source "ChessBase"]
[SourceDate "2010.05.04"]
[SourceVersion "1"]
[SourceVersionDate "2010.05.04"]
[SourceQuality "1"]

1. Nf3 Nf6 2. g3 d5 3. Bg2 Bg4 4. Ne5 Bf5 5. c4 c6 6. cxd5 cxd5 7. 0-0 Qa5 8. Qb3 Qc7 9. d4 e6 10. Nc3 Nc6 11. Bf4 Nh5 12. Bxd5 Nxf4 13. Bxc6+ bxc6 14. gxf4 Bd6 15. Rac1 Rb8 16. Qc4 0-0 17. e3 Rxb2 18. Nxc6 Bxf4 19. exf4 Qxf4 20. Ne7+ Kh8 21. Nxf5 exf5 22. Ne2 Qg4+ 23. Ng3 f4 24. Qc5 Rd8 25. Qf5 Qxf5 26. Nxf5 g6 27. Ne7 Rxd4 28. Nc6 Ra4 29. Ne5 Raxa2 30. Nxf7+ Kg7 31. Rc7 Kf6 32. Nd6 h6 33. Rc6 Kg5 34. Nf7+ Kh5 35. Kg2 Ra3 36. Rd1 Rb4 37. h3 Rb6 38. Rxb6 axb6 39. Rb1 Ra6 40. Rb5+ g5 41. Nd6 Kg6 42. Nc4 h5 43. Rxb6+ Rxb6 44. Nxb6 Kf5 45. Nd5 Ke5 46. Ne7 Kf6 47. Nc6 Kf5 48. Nd8 Ke4 49. Nf7 Kf5 50. f3 Kf6 51. Nd6 Ke6 52. Ne8 Kf7 53. Nc7 Kf6 54. h4 g4 55. Ne8+ Kf7 56. Nd6+ Ke6 57. Ne4 Kf5 58. Kf2 Ke5 59. Ke2 Kf5 60. Ng5 Kg6 61. Ne6 Kf5 62. Nd4+ Ke5 63. Kd3 gxf3 64. Nxf3+ Kf5 65. Nh2 Ke5 66. Ke2 Ke4 67. Kf2 f3 68. Kg3 Ke3 69. Nxf3 Ke4 70. Nd2+ Ke3 71. Nb3 Ke4 72. Nc5+ Kd5 73. Nd3 Ke6 74. Nf4+ Kf5 75. Nxh5 Kg6 76. Kg4 Kh6 77. Nf4 Kg7 78. Kg5 Kh7 79. Ne6 Kh8 80. Kg6 Kg8 81. Ng5 1-0

[Event "Novosibirsk April op"]
[Site "Novosibirsk"]
[Date "2008.04.09"]
[Round "5"]
[White "Dzhumagaliev, Murat"]
[Black "Faleev, Vasily"]
[Result "1-0"]
[WhiteElo "2188"]
[BlackElo "1878"]
[PlyCount "81"]
[EventDate "2008.04.05"]
[EventType "swiss"]
[EventRounds "9"]
[EventCountry "RUS"]
[SourceTitle "EXT 2010"]
[Source "ChessBase"]
[SourceDate "2010.11.25"]
[SourceVersion "1"]
[SourceVersionDate "2010.11.25"]
[SourceQuality "1"]

1. e4 e5 2. Nf3 Nc6 3. Bc4 Bc5 4. c3 Nf6 5. d4 exd4 6. cxd4 Bb4+ 7. Bd2 Nxe4 8. Bxb4 Nxb4 9. Bxf7+ Kxf7 10. Qb3+ d5 11. Qxb4 Qe7 12. Ne5+ Ke8 13. Qb3 c6 14. 0-0 Rf8 15. f3 Nd6 16. Nc3 Rf4 17. Rfe1 Be6 18. Ne2 Rh4 19. g3 Rh6 20. Nf4 g5 21. Ng4 gxf4 22. Nxh6 fxg3 23. hxg3 Qf6 24. Re5 Kd7 25. Rae1 Qxh6 26. Rxe6 Qxe6 27. Rxe6 Kxe6 28. Qe3+ Kd7 29. Qh6 Re8 30. Qxh7+ Re7 31. Qh3+ Ke8 32. Kf2 Nb5 33. g4 Kf7 34. Qh7+ Ke6 35. Qf5+ Kd6 36. Qf4+ Kd7 37. g5 Nd6 38. g6 Rg7 39. Qf6 Ne8 40. Qg5 Ke6 41. f4 1-0